| 000 | 02301cam a22003977a 4500 | ||
|---|---|---|---|
| 001 | 16352136 | ||
| 003 | OSt | ||
| 005 | 20140310182746.0 | ||
| 008 | 100728s2011 enka b 001 0 eng | ||
| 010 | _a 2010933573 | ||
| 015 |
_aGBA8D8452 _2bnb |
||
| 016 | 7 |
_a014851973 _2Uk |
|
| 020 | _a9780240520377 (pbk.) | ||
| 020 | _a0240520378 (pbk.) | ||
| 035 | _a(OCoLC)ocn280389938 | ||
| 040 |
_aUKM _cUKM _dYDXCP _dBTCTA _dIEB _dLANGC _dORX _dCDX _dNDD _dF4W _dUBY _dERASA _dVP@ _dDLC |
||
| 042 | _alccopycat | ||
| 050 | 0 | 0 |
_aTR 145 _b.M315 2011 |
| 245 | 0 | 4 |
_aThe manual of photography / _cedited by : Elizabeth Allen et.al. |
| 250 |
_a10th ed. / _bedited by Elizabeth Allen, Sophie Triantaphillidou. |
||
| 260 |
_aOxford ; _aBurlington, MA : _bElsevier/Focal Press, _c2011. |
||
| 300 |
_a566 p. : _bill. (some col.) ; _c25 cm. |
||
| 504 | _aIncludes bibliographical references and index. | ||
| 505 | 2 | _aIntroduction to the imaging process -- Light theory -- Photographic light sources -- The human visual system -- Introduction to colour science -- Photographic and geometrical optics -- Images and image formation -- Sensitometry -- Image sensors -- Camera lenses -- Photographic camera systems -- Exposure and image control -- Image formation and the photographic process -- Digital cameras and scanners -- Displays -- Digital printing and materials -- Digital image file formats -- Image storage media and archiving -- Introduction to image quality and system performance -- Speed and sensitivity -- Tone reproduction -- Photographic colour reproduction -- Digital colour reproduction -- Noise, sharpness, resolution and information -- Digital image workflow -- Colour management systems -- Spatial image processing -- Digital image processing in the frequency domain -- Image compression. | |
| 521 | _aMA | ||
| 562 | _eFor circulation. 1 copy available in the collection | ||
| 650 | 0 | _aPhotography. | |
| 650 | 0 |
_aPhotography _xDigital techniques. |
|
| 700 | 1 |
_aAllen, Elizabeth, _d1969- _eeditor. |
|
| 700 | 1 |
_aTriantaphillidou, Sophie, _eeditor. |
|
| 906 |
_a7 _bcbc _ccopycat _d2 _eepcn _f20 _gy-gencatlg |
||
| 942 |
_2lcc _cBK _kFOR |
||
| 999 |
_c15648 _d15648 |
||